Índices analítico y general de los orígenes históricos de Catalunya / de José Balari Jovany
Publicado:
San Cugat del Vallès :
Instituto Internacional de Cultura Románica [de la Excma. Diputación Provincial de Barcelona] ,
1964
Descripción Física:
67 p. ; 25 cm
Colección:
Biblioteca Filológica-Histórica ; XI (bis)
Materias:
Catalunya -- Història -- Índexs
MARC
| LEADER | 00000nam a2200000Ia 4500 | ||
|---|---|---|---|
| 001 | 1660 | ||
| 008 | 160829s1964 xx 000 0 cat d | ||
| 080 | |a H-1-71 | ||
| 100 | |a Balari i Jovany, Josep |9 20400 | ||
| 245 | |a Índices analítico y general de los orígenes históricos de Catalunya / de José Balari Jovany | ||
| 260 | |a San Cugat del Vallès : |b Instituto Internacional de Cultura Románica [de la Excma. Diputación Provincial de Barcelona], |c 1964 | ||
| 300 | |a 67 p. ; |c 25 cm | ||
| 490 | |a Biblioteca Filológica-Histórica ; XI (bis) | ||
| 650 | |a Catalunya |x Història |x Índexs |9 20401 | ||
| 710 | 2 | |a Instituto Internacional de Cultura Románica |9 54313 | |
| 901 | |a Arxiu | ||
| 942 | |n 1 | ||
| 952 | |0 0 |1 0 |4 0 |6 H171 |7 1 |9 41520 |a Arxiu |b Arxiu |d 2016-12-01 |l 0 |o H-1-71 |p 1660 |r 2016-12-01 00:00:00 |w 2016-12-01 |y ARXIU | ||
| 999 | |c 43410 |d 43410 | ||